| 000 | 00804nam a2200253 c 4500 | ||
|---|---|---|---|
| 999 |
_c7323 _d7323 |
||
| 001 | a6752147 | ||
| 003 | SpMaBN | ||
| 005 | 20211222142615.0 | ||
| 008 | 201127s2020 sp | |||| 000 0 spa | ||
| 015 | _aMON20 | ||
| 020 | _a9788418240898 | ||
| 040 |
_aSpMaBN _bspa _cSpMaBN _erda |
||
| 100 | 1 | _aTomeo Escuin, Carlos | |
| 245 |
_aNo nos hablen de fake news, llamémoslo por su nombre, fake journalism by bought communicators ¡no más engaños! _c/ Carlos Tomeo Escuin |
||
| 260 |
_a[Madrid]: _bLetrame, _c2020 |
||
| 300 |
_a83 pàgines; _c24 cm |
||
| 490 | 0 |
_aReflexión; _v1 |
|
| 650 | 0 |
_94796 _aFake news |
|
| 650 | 0 |
_94286 _aDesinformació |
|
| 650 | 0 |
_93243 _aMitjans de comunicació de massa _xManipulació |
|
| 650 | 0 |
_93219 _aPeriodisme _xObjectivitat |
|
| 901 | _a"ISBN" | ||
| 942 |
_2udc _cMON |
||